Statistiche per Riconosci la Squadra di calcio - Quiz n°6

Clicka qui per fare il quiz!

Statistiche generali

  • Questo quiz è stato fatto 29 volte
  • Il punteggio medio è 7 su 10

Statistiche sulle risposte

IndizioRisposta% Corretto
Colori socialiBlu marino, bianco
100%
SimboliScaglione
92%
Divisione nazionale 2023-2024Seconda
92%
Trofei nazionali4 Coppe di Francia
3 Coppe di Lega francese
3 Supercoppe di Francia
84%
Titoli nazionali6 Titoli di Francia
76%
Trofei internazionali1 Coppa Intertoto UEFA
1 Coppa delle Alpi
72%
ConfederazioneUEFA
68%
Fondazione1881
56%
Capienza Stadio42 115 posti
56%
SquadraBordeaux
40%

Distribuzione punteggi

Percentile per numero di risposta

Percentuale di utenti per punteggio

I tuoi punteggi nel tempo

Non hai fatto questo quiz